STN EN ISO 14021/A1: 2022 (83 9021), Environmentálne značky a vyhlásenia. Vlastné vyhlásenie tvrdení o environmentálnych vlastnostiach (Environmentálne označovanie typu II) Zmena A1: Uhlíková stopa, uhlíkovo neutrálny (ISO 14021: 2016/Amd 1: 2021)

Táto zmena A1 STN EN ISO 14021: 2017 je slovenskou verziou európskej normy EN ISO 14021: 2016/A1: 2021. Preklad zabezpečil Úrad pre normalizáciu, metrológiu a skúšobníctvo Slovenskej republiky. Táto norma má rovnaké postavenie, ako majú oficiálne verzie

Bibliographic Details
Other Authors: Borovská, Daša (Translator)
Format: Book
Language:Slovak
English
PhysicalDescription:8 strán 30 cm
Published: Bratislava Úrad pre normalizáciu, metrológiu a skúšobníctvo Slovenskej republiky 2022
Subjects:

MARC

LEADER 00000cam a2200000 a 4500
001 vtls012153319
003 SK-MaSNL
005 20260301231544.0
008 221102s2022 xo fru 000 0 slo
015 |a SNBN2024 
040 |a SNK  |b slo  |c SNK  |e AACR2 
041 1 |a slo  |h eng 
044 |a xo  |c SK 
046 |a s  |m 20221101 (účin.) 
072 7 |a 502  |x Životné prostredie a jeho ochrana  |2 konspekt 
072 7 |a 366  |x Ochrana spotrebiteľa. Správanie spotrebiteľa  |2 konspekt 
080 |a 502.13  |2 2011 
080 |a 006.7/.8  |2 2011 
080 |a (437.6)  |2 2011 
080 |a (4)  |2 2011 
080 |a 366.64  |2 2001 
084 |a 13.020.50  |2 ICS 
130 0 |a STN 83 9021 (STN EN ISO 14021/A1)  |9 623861 
245 1 0 |a STN EN ISO 14021/A1: 2022 (83 9021), Environmentálne značky a vyhlásenia. Vlastné vyhlásenie tvrdení o environmentálnych vlastnostiach (Environmentálne označovanie typu II) Zmena A1: Uhlíková stopa, uhlíkovo neutrálny (ISO 14021: 2016/Amd 1: 2021) 
246 1 0 |a Environmentálne značky a vyhlásenia 
246 1 0 |a Vlastné vyhlásenie tvrdení o environmentálnych vlastnostiach 
246 1 0 |a Environmentálne označovanie typu II 
246 3 0 |a ISO 14021: 2016/Amd 1: 2021 
246 1 0 |a Uhlíková stopa, uhlíkovo neutrálny 
246 3 0 |a EN ISO 14021: 2016/A1: 2021 SK 
260 |a Bratislava  |b Úrad pre normalizáciu, metrológiu a skúšobníctvo Slovenskej republiky  |c 2022 
300 |a 8 strán  |c 30 cm 
500 |a Súbežný názov v angličtine, francúzštine, nemčine 
500 |a Spracovateľ: Daša Borovská, Bratislava 
500 |a Táto zmena slovenskej technickej normy nahrádza anglickú verziu STN EN ISO 14021/A1 z decembra 2021 v celom rozsahu 
504 |a Normatívne referenčné dokumenty na strane 2 
520 8 |a Táto zmena A1 STN EN ISO 14021: 2017 je slovenskou verziou európskej normy EN ISO 14021: 2016/A1: 2021. Preklad zabezpečil Úrad pre normalizáciu, metrológiu a skúšobníctvo Slovenskej republiky. Táto norma má rovnaké postavenie, ako majú oficiálne verzie 
540 |a STN vydané na akomkoľvek nosiči sa môžu rozmnožovať a rozširovať iba so súhlasom určenej právnickej osoby  |b SÚTN Bratislava  |c zákon 60/2018 Z. z. 
650 0 7 |a environmentálny manažment  |2 SNKPH  |9 3638 
650 0 7 |a technické normy a štandardy  |z Slovensko  |2 SNKPH  |9 79594 
650 0 7 |a technické normy a štandardy  |z krajiny Európskej únie  |2 SNKPH  |9 289341 
650 0 7 |a ekolabeling  |2 SNKPH  |9 73044 
650 0 7 |a označovanie výrobkov  |2 SNKPH  |9 4122 
650 0 7 |a environmentálna politika  |2 SNKPH  |9 4245 
650 0 7 |a Eco-labeling  |2 SNKPHeng  |9 370791 
650 0 7 |a Environmental policy  |2 SNKPHeng  |9 309834 
650 0 7 |a Labelling  |2 SNKPHeng  |9 321760 
655 7 |a normy  |2 SNKPH  |9 70643 
700 1 |a Borovská, Daša  |4 trl  |9 303172 
710 1 |a Slovensko.  |b Úrad pre normalizáciu, metrológiu a skúšobníctvo  |4 stn  |9 158117 
710 2 |a Slovenský ústav technickej normalizácie (Bratislava, Slovensko).  |b Technická komisia č. 72 Enviromentálne manažérstvo  |4 stn  |9 303173 
774 1 8 |t STN EN ISO 14021: 2017  |d Bratislava : Úrad pre normalizáciu, metrológiu a skúšobníctvo Slovenskej republiky, 2017  |w vtls11623584 
774 1 8 |t STN EN ISO 14021/O1: 2022  |d Bratislava : Úrad pre normalizáciu, metrológiu a skúšobníctvo Slovenskej republiky, 2022  |w vtls012153282 
852 |a Štátna vedecká knižnica v Banskej Bystrici 
958 |a OP 
958 |a NB 
999 |c 958813  |d 960743 
952 |a SNK  |b SNK  |y PREZ  |7 0  |p 17A1545326  |o snkSTN EN ISO 14021/A1  |i snk2024/4678  |8 0  |0 0  |1 0  |4 0  |d 2024-03-19  |l 0  |r 2026-02-24 10:11:38  |w 2026-02-24